Normal view
MARC view
- Chenevix Trench, Charles,
Entry Personal Name
001 - CONTROL NUMBER
- control field: 5371
003 - CONTROL NUMBER IDENTIFIER
- control field: NUST
005 - DATE AND TIME OF LATEST TRANSACTION
- control field: 20171012105036.0
008 - FIXED-LENGTH DATA ELEMENTS
- fixed length control field: 171012|| aca||aabn | a|a d
040 ## - CATALOGING SOURCE
- Original cataloging agency: NUST
- Transcribing agency: NUST
100 ## - HEADING--PERSONAL NAME
- Personal name: Chenevix Trench, Charles,
- Dates associated with a name: 1914-
670 ## - SOURCE DATA FOUND
- Source citation: Work cat.: (NUST)0: Chenevix Trench, Charles, 1914-, The frontier scouts /, 1985.
